000 00663nam a2200265Ia 4500
005 20260121170328.0
008 008 260114s9999 xx 000 0 eng d
020 _a9789402412222
037 _aEBOOK
040 _aCRL
040 _beng
040 _cCRL
041 _2eng
041 _aeng
084 _qCRL
100 _aRolf Nieder, Dinesh K. Benbi, Franz X. Reichl
_91062569
245 0 _aSoil Components and Human Health
260 _bSpringer
260 _bSpringer
260 _c2018
856 _uhttps://link.springer.com/openurl?genre=book&isbn=978-94-024-1222-2
942 _cEBOOK
999 _c1628298
_d1628298